00000000nam##2200000za#4500
0019.675600
003CaOODSP
00520210624225337
007cr |||||||||||
008150407|2006||||xxc|||||o    f|0| 0 fre|d
020 |a978-1-100-54034-4
040 |aCaOODSP|bfre
041 |aeng
041 |afre
043 |an-cn---
0861 |aSO2-11/13-2006-PDF
1101 |aCanada. |bGouverneur général. |bBureau du secrétaire.
24510|aRèglement concernant l'attribution de la Médaille pour services distingués des services d'urgence médicale |h[ressource électronique]
2461 |iTitre abrégé : |aRèglement sur la Médaille pour services distingués des services d'urgence médicale
260 |aOttawa - Ontario : |bGouverneur général du Canada. Bureau du Secrétaire |c2006.
300 |a11p.
590 |a12-31-Supp|b2012-07-06
69107|aDécoration|2gcpds
7760#|tRegulations governing the award of the Emergency Medical Services Exemplary Service Medal / |w(CaOODSP)9.667539
791 |tRegulations governing the award of the Emergency Medical Services Exemplary Service Medal |eeng|w(CaOODSP)9.675599
85640|ahttp://publications.gc.ca|qPDF|s104 Ko|uhttps://publications.gc.ca/collections/collection_2012/bsgg-osgg/SO2-11-13-2006.pdf